01282nam a2200349 a 450000100060000000300080000600500170001400600190003100700150005000800410006502000180010603500230012403500240014703500250017103500220019604000260021805000220024408200170026610000320028324501090031526000440042430000110046850000670047953301640054665000260071065000290073665500270076571000190079283000420081185600620085399900170091579980FlNmELB20241217151721.0m o d | cr cn|||||||||130726s2012 sp s 000 0 spa d z9788498303469 a(MiAaPQ)EBC3213281 a(Au-PeEL)EBL3213281 a(CaPaEBR)ebr10732650 a(OCoLC)1010597316 aFlNmELBbspacFlNmELB 4aPA2087bS456 201204a478.24212231 aSegura Munguía, Santiago.10aMétodo de latín Ih[recurso electronico]bincorpora clave del método /cSantiago Segura Munguía. aBilbao :bUniversidad de Deusto,c2012. a333 p. aTítol a la coberta: Nueva trilogía sobre la lengua latina. aRecurso electrónico. Santa Fe, Arg.: e-libro, 2015. Disponible vía World Wide Web. El acceso puede estar limitado para las bibliotecas afiliadas a e-libro. 4aLatínxgramática. 0aLatin languagexGrammar. 4aLibros electrónicos.2 ae-libro, Corp. 0aLetras (Universidad de Deusto) ;v55.40uhttps://elibro.net/ereader/politecnicointernacional/33969 c79980d79980